000 00812nam a2200193 a 4500
008 120416s2004 ||||||||||||||||| || u
020 _a0821359983
050 _aHD 7105.4 Pub
100 _aPalacios, Robert J
245 1 0 _aPublic pension fund management: governance, accountability, and investment policies
_cedited by Alberto R. Musalem; Robert J. Palacios
260 _aWashington, D. C.:
_bWorld Bank
_c2004
300 _axxviii, 287p. : ill.
350 _a0.00
500 _aProceedings of the second Public Pension Fund Management conference, May 2003.
650 _aGOVERNANCE
650 _aPENSION SCHEMES
700 _aMusalem, Alberto R
995 _D0.00
_FCBU-MAIN LIBRARY (Kitwe)
_H1
_I0.00
_M1
_UAVAILABLE
_ZMain Library Open Access Collection
999 _c55306
_d55306